| 000 | 00423nam a2200133Ia 4500 | ||
|---|---|---|---|
| 008 | 250112s9999 xx 000 0 und d | ||
| 020 | _a978-3-642-32847-3 | ||
| 100 | _aYoshiki Shimomura, Koji Kimita | ||
| 245 | 4 | _aThe Philosopher's Stone for Sustainability | |
| 250 | _a2013 | ||
| 260 |
_c2013 _bSpringer Berlin Heidelberg |
||
| 856 | _uhttps://link.springer.com/openurl?genre=book&isbn=978-3-642-32847-3 | ||
| 942 | _cEB | ||
| 999 |
_c382662 _d382662 |
||